00345nam a2200133Ia 4500008004100000082001500041100001800056245003300074250000600107260002400113300000800137630003300145730003300178100122s9999 xx 000 0 und d b23623a823 aGREENE GRAHAM aMAY WE BORROW YOUR HUSBAND ? a0 bPENGUIN BOOKSc1972 a142 aMAY WE BORROW YOUR HUSBAND ? aMAY WE BORROW YOUR HUSBAND ?